Responses for show #4498 - Wednesday, March 10, 2004

Contestants

[<< previous game]

George Lewis, a teacher from Fairfield, Connecticut

Susie López, a musician from Citrus Heights, California

Bobby Goldstein, a database administrator from Arlington, Massachusetts (whose 1-day cash winnings total $31,201)

[next game >>]

Jeopardy! Round responses

SIMPLE SCIENCE
ARNOLD MOVIES
VOYEUR INFORMATION
PICASSO
CARS
BEFORE & AFTER
    $200 21
(Bobby: What is a seismometer?)
...
(Alex: [Before clue 30] Bobby, a change in scoring; our judges, as I thought they might, will accept your response of "seismometer".)

seismographs

BobbySusie
    $200 11
The Terminator

George
    $200 14
Australia

Bobby
    $200 25
Cubism

George
    $200 5
Ford

Bobby
    $200 1
(Alex: Don't eat that stuff!)

Monterey Jack the Ripper

Bobby
    $400 22
helium

Bobby
    $400 12
Kindergarten Cop

George
    $400 15
the moon

George
    $400 26
the brain

George
    $400 7
Mazda

George
    $400 2
Glenn Close Encounters of the Third Kind

Bobby
    $600 23
inequality/not equal to

Bobby
    $600 13
True Lies

Bobby
    $600 18
(Andy) Warhol

George
    $600 27
(Alex: With less than a minute to go now.)

Guernica

Susie
    $600 8
the Corvette

Susie
    $600 3
Courtney Love Me Do

Bobby
    $800 24
the blood

Susie
    $800 16
Predator

Bobby
    $800 19
(Alex: Prime Minister Blair.)

Downing Street

Susie
    $800 28
the Minotaur

Bobby
    $800 9
Subaru

George
    $800 4
The Hunchback of Notre Dame Edna

George
    $1000 29
Venus

Susie
    $1000 17
(Bobby: What is The Sixth Day?)

End of Days

Bobby
Triple Stumper
    $1000 20
Madison

Bobby
    $1,200 30
the Blue Period

Susie
    $1000 10
(Susie: Who is Tucker?)

Harley Earl

Susie
Triple Stumper
    $1000 6
Charles in Charge of the Light Brigade

George

Scores at the first commercial break (after clue 15):

Bobby Susie George
$2,200 -$400 $4,000

Scores at the end of the Jeopardy! Round:

Bobby Susie George
$5,000 $4,200 $5,200

Double Jeopardy! Round responses

SPACE TRAVELERS
COLLEGE FOOTBALL
(Alex: In this category, we want you to name the country where...)
THEY USED TO BE IN CHARGE
"SNOW" JOB
STATE THE STATE
BEEF-ORE & AFTER
    $400 16
Sally Ride

George
    $400 13
(Knute) Rockne

Bobby
    $400 6
Germany

George
    $400 11
Snow White

Susie
    $400 1
Texas

George
    $400 22
(Bobby: What is...)

the Tower of London Broil

Bobby
Triple Stumper
    $800 17
Israel

Susie
    $800 14
(Susie: What is USC?)

Michigan

BobbySusie
    $800 7
the Philippines

George
    $800 12
a snow angel

Bobby
    $800 2
(George: Where is Arizona?)

Colorado

George
Triple Stumper
    $800 23
(Alex: Want to stick with it, Susie?)
(Susie: I'm a glutton for punishment, $1200, please!)

melting pot roast

Triple Stumper
    $1200 18
Deke

George
    $1200 15
Boston College

George
    $1200 8
(George: What is Vietnam?)
(Alex: Be more specific.)
(George: [*].)

South Vietnam

George
    $1200 19
The Snows of Kilimanjaro

Susie
    $1200 3
Nebraska

Bobby
    $1200 24
(Alex: You're getting into it now!)

Slim Jim Lehrer

Bobby
    $1600 27
(Bobby: Who is Orrin Hatch?)

Jake Garn

Bobby
Triple Stumper
    $1600 29
(Alex: The Southeastern.)

the SEC

Bobby
    $1600 9
Nicaragua

Bobby
    $1600 20
Snowbell

Triple Stumper
    $2,000 4
(Bobby: What is Michigan?)

Louisiana

Bobby
    $1600 25
hamburger Patty Duke

Susie
    $2,000 28
(Susie: Who is Valentina... I knew you were going to get me!)
(Alex: Yeah, I kind of need the last name, and it's [*].)

Valentina Tereshkova

Susie
    $2000 30
USC

Bobby
    $2000 10
Canada

Susie
    $2000 21
the Snowy Mountains

Triple Stumper
    $2000 5
Wyoming

Bobby
    $2000 26
A Knight in Shining Armor (Armour) Hot Dogs

Triple Stumper

Scores at the end of the Double Jeopardy! Round:

Bobby Susie George
$12,600 $7,400 $10,000

[wagering suggestions for these scores]

Final Jeopardy! Round responses

20th CENTURY WRITERS
(George: I was going for Betty Friedan.)
SusieWho is Jacqueline Susann
$6,400
GeorgeWho is Betty
$9,900
BobbyWho is Erica Jong?
$7,401
Sylvia Plath

Final scores:

Bobby Susie George
$5,199 $1,000 $100
2-day champion: $36,400 2nd place: $2,000 3rd place: $1,000

Game dynamics:

Coryat scores:

Bobby Susie George
$14,600 $9,200 $10,000
21 R,
4 W
(including 1 DD)
12 R
(including 1 DD),
3 W
(including 1 DD)
17 R,
1 W

Combined Coryat: $33,800

The J! Archive is created by fans, for fans. The Jeopardy! game show and all elements thereof, including but not limited to copyright and trademark thereto, are the property of Jeopardy Productions, Inc. and are protected under law. This website is not affiliated with, sponsored by, or operated by Jeopardy Productions, Inc. Join the discussion at JBoard.tv.